Compton's encyclopedia and Fact-index. V.20 : Q-R.

Wedi'i Gadw mewn:
Manylion Llyfryddiaeth
Fformat: Llyfr
Iaith:English
Cyhoeddwyd: USA : Compton's learning company, 1995.
Pynciau:
Tagiau: Ychwanegu Tag
Dim Tagiau, Byddwch y cyntaf i dagio'r cofnod hwn!
Thư viện lưu trữ: Mạng thư viện Đại học Đà Nẵng
LEADER 00786cam a2200313 i 4500
001 000044501
003 2901
005 20030317112332.0
008 010220|1995 vm 000 eng
020 |a 0944262023 
040 |a IRC  |c IRC  |d IRC 
041 0 |a eng 
082 1 4 |a 032  |b Co-E 
245 0 0 |a Compton's encyclopedia and Fact-index.  |n V.20 :  |p Q-R. 
260 |a USA :  |b Compton's learning company,  |c 1995. 
300 |a 376P. ;  |c 26cm. 
630 0 4 |a Encyclopedia. 
630 0 4 |a Compton's encyclopedia. 
650 0 4 |a Encyclopedia, Compton's. 
OWN |a DUT 
999 |a From the UDN01 
TYP |a Monograph 
TYP |a Printed language 
980 |a Mạng thư viện Đại học Đà Nẵng